[Event "GER-chT Betriebe 17th"]
[Site "Berlin"]
[Date "2017.11.04"]
[Round "6.1"]
[White "Segerberg, Tomas Olof"]
[Black "Baudrexel, Peter"]
[Result "1-0"]
[WhiteElo "2103"]
[BlackElo "1825"]
[PlyCount "65"]
[EventDate "2017.11.02"]
[EventType "team-swiss"]
[EventRounds "7"]
[EventCountry "GER"]
[SourceTitle "EXT 2020"]
[Source "ChessBase"]
[SourceDate "2019.10.17"]
[SourceVersion "1"]
[SourceVersionDate "2019.10.17"]
[SourceQuality "1"]
[WhiteTeam "Berlin Osram II"]
[BlackTeam "Muenchen ADAC II"]
[WhiteTeamCountry "GER"]
[BlackTeamCountry "GER"]

1. c4 f5 2. Nc3 Nf6 3. d4 e6 4. f3 Bb4 5. Bd2 d5 6. e3 0-0 7. a3 Bxc3 8. Bxc3 b6 9. Bd3 Ba6 10. Qe2 c6 11. b3 Nbd7 12. Nh3 Re8 13. 0-0 g6 14. Qb2 Rc8 15. Rad1 Qe7 16. Rfe1 c5 17. dxc5 dxc4 18. Bxc4 Bxc4 19. bxc4 bxc5 20. Qb7 Rb8 21. Qa6 Nb6 22. Bxf6 Qxf6 23. Qxa7 e5 24. Rb1 Qe7 25. Qa6 Qc7 26. Rb5 Re6 27. Ng5 Rd6 28. Qa5 h6 29. Nh3 Rc6 30. Reb1 Ra8 31. Qxa8+ Nxa8 32. Rb8+ Qc8 33. R1b7 1-0

[Event "GER-chT Betriebe 16th"]
[Site "Dresden"]
[Date "2016.11.05"]
[Round "5.1"]
[White "Baudrexel, Peter"]
[Black "Warnest, Stefan"]
[Result "1/2-1/2"]
[WhiteElo "1836"]
[BlackElo "1467"]
[PlyCount "78"]
[EventDate "2016.11.03"]
[EventType "team-swiss"]
[EventRounds "7"]
[EventCountry "GER"]
[SourceTitle "EXT 2020"]
[Source "ChessBase"]
[SourceDate "2019.10.17"]
[SourceVersion "1"]
[SourceVersionDate "2019.10.17"]
[SourceQuality "1"]
[WhiteTeam "Muenchen ADAC II"]
[BlackTeam "Berlin Tempelhof III"]
[WhiteTeamCountry "GER"]
[BlackTeamCountry "GER"]

1. d4 Nf6 2. Nf3 g6 3. c4 d5 4. Nc3 Bg7 5. cxd5 Nxd5 6. e4 Nxc3 7. bxc3 0-0 8. Rb1 c5 9. Be3 cxd4 10. cxd4 Qa5+ 11. Qd2 Qxd2+ 12. Bxd2 Nc6 13. d5 Nd4 14. Nxd4 Bxd4 15. Bc4 b6 16. Bb4 Bf6 17. f4 a5 18. Ba3 Bc3+ 19. Ke2 Bb4 20. Bxb4 axb4 21. Rxb4 Ba6 22. Bxa6 Rxa6 23. a4 Rfa8 24. Ra1 b5 25. Rxb5 Rxa4 26. Rxa4 Rxa4 27. Kf3 f6 28. Rb3 Rd4 29. Ke3 Rd1 30. Rd3 Re1+ 31. Kd4 Re2 32. Rg3 Kf7 33. h4 Rf2 34. Ke3 Ra2 35. Kf3 Rd2 36. Ke3 Ra2 37. e5 f5 38. Kd4 Rd2+ 39. Kc5 Rc2+ 1/2-1/2

[Event "GER-chT Betriebe 15th"]
[Site "Munich"]
[Date "2015.10.25"]
[Round "7.1"]
[White "Baudrexel, Peter"]
[Black "Kolb, Wolfgang"]
[Result "0-1"]
[WhiteElo "1841"]
[BlackElo "2058"]
[PlyCount "80"]
[EventDate "2015.10.22"]
[EventType "team-swiss"]
[EventRounds "7"]
[EventCountry "GER"]
[SourceTitle "EXT 2020"]
[Source "ChessBase"]
[SourceDate "2019.10.17"]
[SourceVersion "1"]
[SourceVersionDate "2019.10.17"]
[SourceQuality "1"]
[WhiteTeam "Muenchen ADAC II"]
[BlackTeam "Augsburg Osram II"]
[WhiteTeamCountry "GER"]
[BlackTeamCountry "GER"]

1. f4 d5 2. Nf3 Nf6 3. g3 c5 4. Bg2 Nc6 5. 0-0 e6 6. d3 Be7 7. Nc3 0-0 8. h3 b6 9. a3 Bb7 10. Qe1 a6 11. Bd2 Rc8 12. Rc1 Qc7 13. e4 dxe4 14. dxe4 Rfd8 15. g4 Nd4 16. e5 Nxf3+ 17. Bxf3 Nd5 18. Nxd5 Bxd5 19. Bxd5 Rxd5 20. Bc3 c4 21. Qe2 Rcd8 22. f5 Bc5+ 23. Kh1 exf5 24. Qxc4 Qc6 25. Qf4 Rxe5+ 26. Qf3 Qxf3+ 27. Rxf3 Re3 28. Rxf5 Rxh3+ 29. Kg2 Re3 30. Rcf1 Rd7 31. Be1 Re2+ 32. Kh1 Rd1 33. Bc3 Rxf1+ 34. Rxf1 Rxc2 35. Rd1 h6 36. Rd8+ Kh7 37. Rd7 Kg6 38. Be5 f6 39. Bc3 Bxa3 40. Ra7 Bxb2 0-1

[Event "GER-chT Betriebe 15th"]
[Site "Munich"]
[Date "2015.10.24"]
[Round "5.1"]
[White "Baudrexel, Peter"]
[Black "Blum, Norbert"]
[Result "1/2-1/2"]
[WhiteElo "1841"]
[BlackElo "2027"]
[PlyCount "85"]
[EventDate "2015.10.22"]
[EventType "team-swiss"]
[EventRounds "7"]
[EventCountry "GER"]
[SourceTitle "EXT 2020"]
[Source "ChessBase"]
[SourceDate "2019.10.17"]
[SourceVersion "1"]
[SourceVersionDate "2019.10.17"]
[SourceQuality "1"]
[WhiteTeam "Muenchen ADAC II"]
[BlackTeam "Stuttgart Sparkassen-Vers"]
[WhiteTeamCountry "GER"]
[BlackTeamCountry "GER"]

1. d4 Nf6 2. Nf3 g6 3. c4 Bg7 4. Nc3 d5 5. e3 c5 6. Be2 cxd4 7. exd4 dxc4 8. Bxc4 0-0 9. 0-0 Bg4 10. h3 Bxf3 11. Qxf3 Qxd4 12. Qxb7 Nbd7 13. Bb3 Rab8 14. Be3 Rxb7 15. Bxd4 Rc8 16. Rfe1 Nc5 17. Bxf6 Nxb3 18. axb3 Bxf6 19. Nd5 Rc2 20. Nxf6+ exf6 21. Ra6 Kg7 22. Rb1 Rxb3 23. Rxa7 Rcxb2 24. Rxb2 Rxb2 25. Ra4 h5 26. g3 f5 27. h4 Re2 28. Kg2 Re4 29. Ra6 Rb4 30. Kf3 g5 31. hxg5 Rg4 32. Rf6 Rxg5 33. Ra6 Rg4 34. Rb6 Ra4 35. Rb5 Kg6 36. Rb6+ Kg5 37. Rb7 Ra3+ 38. Kg2 Kg6 39. Rb4 Rc3 40. Rb6+ Kg7 41. Rb5 Kg6 42. Rb6+ f6 43. Rb4 1/2-1/2

[Event "Regionalliga SW 1314"]
[Site "Bayern"]
[Date "2013.11.24"]
[Round "3.8"]
[White "Heer, Stephan"]
[Black "Baudrexel, Peter"]
[Result "1-0"]
[WhiteElo "2031"]
[BlackElo "1837"]
[PlyCount "89"]
[EventDate "2013.10.13"]
[EventType "team-tourn"]
[EventRounds "9"]
[EventCountry "GER"]
[SourceTitle "EXT 2015"]
[Source "ChessBase"]
[SourceDate "2014.11.20"]
[SourceVersion "1"]
[SourceVersionDate "2014.11.20"]
[SourceQuality "1"]
[WhiteTeam "Haar"]
[BlackTeam "Dachau"]
[WhiteTeamCountry "GER"]
[BlackTeamCountry "GER"]

1. c4 e6 2. g3 d5 3. Bg2 Nf6 4. d4 Be7 5. Nc3 0-0 6. Nf3 c6 7. 0-0 Nbd7 8. cxd5 exd5 9. a3 a5 10. Qc2 Bd6 11. Nh4 Nb6 12. Nf5 Bxf5 13. Qxf5 Qd7 14. Qd3 h6 15. f3 Rad8 16. a4 Rfe8 17. Kh1 Bb4 18. b3 Qe7 19. Ra2 Nc8 20. Nd1 Nd6 21. Nf2 b5 22. axb5 Nxb5 23. e3 Rb8 24. Rc2 Rb6 25. e4 dxe4 26. fxe4 Rd8 27. e5 Nd5 28. Ng4 c5 29. dxc5 Ndc3 30. Qf5 Bxc5 31. Nf6+ gxf6 32. exf6 Rxf6 33. Qxf6 Qxf6 34. Rxf6 Kg7 35. Rf1 Bb4 36. Rcf2 Rd7 37. Rf6 h5 38. Bh3 Re7 39. Bh6+ Kg8 40. Rc6 Nd4 41. Rc8+ Kh7 42. Bg5 Rb7 43. Bf6 Ncb5 44. Rf4 Bc3 45. Bf1 1-0

[Event "GER-chT Betriebe"]
[Site "Berlin"]
[Date "2006.10.06"]
[Round "3.3"]
[White "Baudrexel, Peter"]
[Black "Schlittermann, Wolfgang"]
[Result "1/2-1/2"]
[WhiteElo "1855"]
[BlackElo "1761"]
[PlyCount "58"]
[EventDate "2006.10.05"]
[EventType "team-tourn"]
[EventRounds "7"]
[EventCountry "GER"]
[SourceTitle "EXT 2007"]
[Source "ChessBase"]
[SourceDate "2006.11.23"]
[SourceVersion "1"]
[SourceVersionDate "2006.11.23"]
[SourceQuality "1"]
[WhiteTeam "Muenchen ADAC"]
[BlackTeam "Gillette IV"]
[WhiteTeamCountry "GER"]
[BlackTeamCountry "GER"]

1. f4 e6 2. Nf3 Bd6 3. e3 Nf6 4. d4 0-0 5. Bd3 c5 6. c3 cxd4 7. cxd4 Nc6 8. Nc3 b6 9. 0-0 Bb7 10. e4 Bb4 11. e5 Ne8 12. Bxh7+ Kxh7 13. Ng5+ Qxg5 14. fxg5 g6 15. Ne4 Rc8 16. Rf3 Kg7 17. Rh3 Rh8 18. Rxh8 Kxh8 19. Qg4 Nxd4 20. Nc3 Nc2 21. Rb1 Bc5+ 22. Kh1 Kg8 23. Bd2 Be3 24. Qe2 Bc5 25. Qd3 Nb4 26. Qxd7 Ba6 27. Qa4 Bd3 28. Rc1 Bf5 29. Qd7 Rb8 1/2-1/2